000 00924nam a2200229Ia 4500
999 _c7519
_d7519
003 GCL
005 20240530095449.0
008 140319s9999 xx 000 0 ara d
020 _a694509953
040 _aGCL /
_cGCL
082 0 4 _a142
_bم ف
245 1 0 _aفلسفة النقد ونقد الفلسفة فى الفكر العربى والغربى :
_bاعمال الندوة الفلسفية الخامسة عشرة التى نظمتها الجمعية الفلسفية المصرية بجامعة القاهرة
_cحسن حنفى (واخ...)
250 _aالاولى
260 _aبيروت :
_bمركز دراسات الوحدة العربية ،
_c2005
300 _a362 ؛
_c24 سم
650 0 4 _aالفلسفة العربية
650 0 4 _aالفلسفة الغربية
650 0 4 _aالفلسفة الشرقية
650 0 4 _aالفلسفة - ندوات
700 _aحسن حنفى
942 _2ddc
_cBK